Organelles in an Animal Cell - Statistics

General Stats
  • This quiz has been taken 20 times
  • The average score is 8 of 10
Answers on the Map
Answers color-coded by a green-red scale on the quiz's map according to % correct below.
 
Answer Stats
Answer % Correct
Nucleus
100%
Mitochondria
85%
Mitochondria
85%
Endoplasmic Reticulum
80%
nucleolus
75%
ribosome
75%
Golgi apparatus
70%
cytoplasm
65%
lysosome
65%
vacuole
50%
No matching quizzes found
Score Distribution
Percent of People with Each Score
Percentile by Number Answered
Your Score History
You have not taken this quiz